Modern Missile Guidance / (Record no. 612898)

000 -LEADER
fixed length control field 00386nam a22001457a 4500
020 ## - INTERNATIONAL STANDARD BOOK NUMBER
International Standard Book Number 9780815384861
040 ## - CATALOGING SOURCE
Transcribing agency NUST
082 ## - DEWEY DECIMAL CLASSIFICATION NUMBER
Classification number 623.4519
Author Mark YAN
100 ## - MAIN ENTRY--PERSONAL NAME
Personal name Yanushevsky, Rafael
9 (RLIN) 110918
245 ## - TITLE STATEMENT
Title Modern Missile Guidance /
Statement of responsibility, etc. Rafael Yanushevsky
250 ## - EDITION STATEMENT
Edition statement 2nd Ed.
260 ## - PUBLICATION, DISTRIBUTION, ETC.
Place of publication, distribution, etc. Boca Raton :
Name of publisher, distributor, etc. CRC Press,
Date of publication, distribution, etc. 2019.
300 ## - PHYSICAL DESCRIPTION
Extent 325p. ;
Other physical details Hardbinding,
Dimensions 25cm.
942 ## - ADDED ENTRY ELEMENTS (KOHA)
Source of classification or shelving scheme
Koha item type Book
Holdings
Withdrawn status Lost status Source of classification or shelving scheme Damaged status Not for loan Permanent Location Current Location Shelving location Date acquired Total Checkouts Full call number Barcode Checked out Date last seen Date last checked out Price effective from Koha item type
          School of Mechanical & Manufacturing Engineering (SMME) School of Mechanical & Manufacturing Engineering (SMME) General Stacks 02/18/2025 1 623.4519 YAN SMME-4666 08/01/2025 07/02/2025 07/02/2025 02/18/2025 Book
© 2023 Central Library, National University of Sciences and Technology. All Rights Reserved.